<?xml version="1.0" encoding="UTF-8"?>
<record
    xmlns:xsi="http://www.w3.org/2001/XMLSchema-instance"
    xsi:schemaLocation="http://www.loc.gov/MARC21/slim http://www.loc.gov/standards/marcxml/schema/MARC21slim.xsd"
    xmlns="http://www.loc.gov/MARC21/slim">

  <leader>02065nam0a22003251  4500</leader>
  <controlfield tag="001">v19\rc\1547737</controlfield>
  <controlfield tag="005">20260408012624.0</controlfield>
  <datafield tag="035" ind1=" " ind2=" ">
    <subfield code="a">(NLR Aleph) 004663903</subfield>
  </datafield>
  <datafield tag="090" ind1=" " ind2=" ">
    <subfield code="a">3587316</subfield>
    <subfield code="c">3587316</subfield>
  </datafield>
  <datafield tag="100" ind1=" " ind2=" ">
    <subfield code="a">20060620d1889    |||y0rusy50      ca</subfield>
  </datafield>
  <datafield tag="101" ind1="0" ind2=" ">
    <subfield code="a">rus</subfield>
  </datafield>
  <datafield tag="102" ind1=" " ind2=" ">
    <subfield code="a">RU</subfield>
  </datafield>
  <datafield tag="105" ind1=" " ind2=" ">
    <subfield code="a">y z |||||</subfield>
  </datafield>
  <datafield tag="200" ind1="1" ind2=" ">
    <subfield code="a">&#x41C;&#x430;&#x442;&#x435;&#x440;&#x438;&#x430;&#x43B;&#x44B; &#x434;&#x43B;&#x44F; &#x438;&#x441;&#x442;&#x43E;&#x440;&#x438;&#x438; &#x41F;&#x443;&#x433;&#x430;&#x447;&#x435;&#x432;&#x441;&#x43A;&#x43E;&#x433;&#x43E; &#x431;&#x443;&#x43D;&#x442;&#x430;, &#x441;&#x43E;&#x431;&#x440;&#x430;&#x43D;&#x43D;&#x44B;&#x435; &#x421;.&#x421;. &#x41A;&#x440;&#x430;&#x441;&#x43D;&#x43E;&#x434;&#x443;&#x431;&#x440;&#x43E;&#x432;&#x441;&#x43A;&#x438;&#x43C;</subfield>
    <subfield code="e">&#x438;&#x437; &#x410;&#x440;&#x445;&#x438;&#x432;&#x430; &#x410;&#x441;&#x442;&#x440;&#x430;&#x445;&#x430;&#x43D;&#x441;&#x43A;&#x43E;&#x439; &#x434;&#x443;&#x445;&#x43E;&#x432;&#x43D;&#x43E;&#x439; &#x43A;&#x43E;&#x43D;&#x441;&#x438;&#x441;&#x442;&#x43E;&#x440;&#x438;&#x438;</subfield>
    <subfield code="e">&#x434;&#x435;&#x43B;&#x43E; &#x437;&#x430; &#x2116; 8633</subfield>
    <subfield code="e">[&#x447;&#x438;&#x442;&#x430;&#x43D;&#x43E; &#x432; &#x437;&#x430;&#x441;&#x435;&#x434;&#x430;&#x43D;&#x438;&#x438; &#x410;&#x440;&#x445;&#x438;&#x432;&#x43D;&#x43E;&#x439; &#x43A;&#x43E;&#x43C;&#x438;&#x441;&#x441;&#x438;&#x438;]</subfield>
  </datafield>
  <datafield tag="210" ind1=" " ind2=" ">
    <subfield code="a">&#x421;&#x430;&#x440;&#x430;&#x442;&#x43E;&#x432;</subfield>
    <subfield code="c">&#x422;&#x438;&#x43F;&#x43E;&#x433;&#x440;&#x430;&#x444;&#x438;&#x44F; &#x413;&#x443;&#x431;&#x435;&#x440;&#x43D;&#x441;&#x43A;&#x43E;&#x433;&#x43E; &#x417;&#x435;&#x43C;&#x441;&#x442;&#x432;&#x430;</subfield>
    <subfield code="d">1889</subfield>
  </datafield>
  <datafield tag="215" ind1=" " ind2=" ">
    <subfield code="a">[2], 47 &#x441;.</subfield>
    <subfield code="d">24</subfield>
  </datafield>
  <datafield tag="225" ind1="1" ind2=" ">
    <subfield code="a">&#x422;&#x440;&#x443;&#x434;&#x44B; &#x421;&#x430;&#x440;&#x430;&#x442;&#x43E;&#x432;&#x441;&#x43A;&#x43E;&#x439; &#x443;&#x447;&#x435;&#x43D;&#x43E;&#x439; &#x430;&#x440;&#x445;&#x438;&#x432;&#x43D;&#x43E;&#x439; &#x43A;&#x43E;&#x43C;&#x438;&#x441;&#x441;&#x438;&#x438;</subfield>
    <subfield code="v">1889, &#x442;. 2, &#x432;&#x44B;&#x43F;. 2</subfield>
  </datafield>
  <datafield tag="300" ind1=" " ind2=" ">
    <subfield code="a">"&#x41F;&#x435;&#x440;&#x435;&#x43F;&#x435;&#x447;. &#x438;&#x437; &#x432;&#x44B;&#x43F;. 2 &#x437;&#x430; 1889 &#x433;. "&#x422;&#x440;&#x443;&#x434;&#x43E;&#x432;" &#x421;&#x430;&#x440;&#x430;&#x442;&#x43E;&#x432;&#x441;&#x43A;&#x43E;&#x439; &#x443;&#x447;&#x435;&#x43D;&#x43E;&#x439; &#x430;&#x440;&#x445;&#x438;&#x432;&#x43D;&#x43E;&#x439; &#x43A;&#x43E;&#x43C;&#x438;&#x441;&#x441;&#x438;&#x438;"</subfield>
  </datafield>
  <datafield tag="316" ind1=" " ind2=" ">
    <subfield code="a">&#x42D;&#x43A;&#x437;. &#x420;&#x41D;&#x411; &#x43D;&#x430; &#x448;&#x438;&#x444;&#x440;&#x435; 18.122.2.207: &#x441; &#x430;&#x432;&#x442;&#x43E;&#x433;&#x440;&#x430;&#x444;&#x43E;&#x43C; &#x430;&#x432;&#x442;&#x43E;&#x440;&#x430;</subfield>
    <subfield code="5">NLR: 18.122.2.207</subfield>
  </datafield>
  <datafield tag="488" ind1=" " ind2="0">
    <subfield code="1">2001#$a&#x422;&#x440;&#x443;&#x434;&#x44B; &#x421;&#x430;&#x440;&#x430;&#x442;&#x43E;&#x432;&#x441;&#x43A;&#x43E;&#x439; &#x443;&#x447;&#x435;&#x43D;&#x43E;&#x439; &#x430;&#x440;&#x445;&#x438;&#x432;&#x43D;&#x43E;&#x439; &#x43A;&#x43E;&#x43C;&#x438;&#x441;&#x441;&#x438;&#x438;$v1889 &#x433;&#x43E;&#x434;, &#x442;. 2, &#x432;&#x44B;&#x43F;. 2</subfield>
    <subfield code="t">&#x422;&#x440;&#x443;&#x434;&#x44B; &#x421;&#x430;&#x440;&#x430;&#x442;&#x43E;&#x432;&#x441;&#x43A;&#x43E;&#x439; &#x443;&#x447;&#x435;&#x43D;&#x43E;&#x439; &#x430;&#x440;&#x445;&#x438;&#x432;&#x43D;&#x43E;&#x439; &#x43A;&#x43E;&#x43C;&#x438;&#x441;&#x441;&#x438;&#x438;</subfield>
  </datafield>
  <datafield tag="517" ind1="1" ind2=" ">
    <subfield code="a">&#x410;&#x440;&#x445;&#x438;&#x432; &#x410;&#x441;&#x442;&#x440;&#x430;&#x445;&#x430;&#x43D;&#x441;&#x43A;&#x43E;&#x439; &#x434;&#x443;&#x445;&#x43E;&#x432;&#x43D;&#x43E;&#x439; &#x43A;&#x43E;&#x43D;&#x441;&#x438;&#x441;&#x442;&#x43E;&#x440;&#x438;&#x438;</subfield>
    <subfield code="a">&#x418;&#x437; &#x410;&#x440;&#x445;&#x438;&#x432;&#x430; &#x410;&#x441;&#x442;&#x440;&#x430;&#x445;&#x430;&#x43D;&#x441;&#x43A;&#x43E;&#x439; &#x434;&#x443;&#x445;&#x43E;&#x432;&#x43D;&#x43E;&#x439; &#x43A;&#x43E;&#x43D;&#x441;&#x438;&#x441;&#x442;&#x43E;&#x440;&#x438;&#x438;</subfield>
    <subfield code="e">[&#x447;&#x438;&#x442;&#x430;&#x43D;&#x43E; &#x432; &#x437;&#x430;&#x441;&#x435;&#x434;&#x430;&#x43D;&#x438;&#x438; &#x410;&#x440;&#x445;&#x438;&#x432;&#x43D;&#x43E;&#x439; &#x43A;&#x43E;&#x43C;&#x438;&#x441;&#x441;&#x438;&#x438;]</subfield>
    <subfield code="z">rus</subfield>
  </datafield>
  <datafield tag="700" ind1=" " ind2="1">
    <subfield code="8">rus</subfield>
    <subfield code="7">ca</subfield>
    <subfield code="a">&#x41A;&#x440;&#x430;&#x441;&#x43D;&#x43E;&#x434;&#x443;&#x431;&#x440;&#x43E;&#x432;&#x441;&#x43A;&#x438;&#x439;</subfield>
    <subfield code="b">&#x421;. &#x421;.</subfield>
    <subfield code="f">1860-</subfield>
    <subfield code="g">&#x421;&#x442;&#x435;&#x43F;&#x430;&#x43D; &#x421;&#x435;&#x43C;&#x435;&#x43D;&#x43E;&#x432;&#x438;&#x447;</subfield>
    <subfield code="3">RU\NLR\AUTH\7783629</subfield>
    <subfield code="9">66557</subfield>
  </datafield>
  <datafield tag="712" ind1="0" ind2="2">
    <subfield code="4">570</subfield>
    <subfield code="a">&#x410;&#x441;&#x442;&#x440;&#x430;&#x445;&#x430;&#x43D;&#x441;&#x43A;&#x430;&#x44F; &#x434;&#x443;&#x445;&#x43E;&#x432;&#x43D;&#x430;&#x44F; &#x43A;&#x43E;&#x43D;&#x441;&#x438;&#x441;&#x442;&#x43E;&#x440;&#x438;&#x44F;</subfield>
    <subfield code="3">RU\NLR\AUTH\8810174850</subfield>
    <subfield code="9">845758</subfield>
  </datafield>
  <datafield tag="801" ind1=" " ind2="0">
    <subfield code="a">RU</subfield>
    <subfield code="b">NLR</subfield>
    <subfield code="g">psbo</subfield>
  </datafield>
  <datafield tag="801" ind1=" " ind2="0">
    <subfield code="a">RU</subfield>
    <subfield code="b">RuMoRGB</subfield>
    <subfield code="2">psbo</subfield>
  </datafield>
  <datafield tag="801" ind1=" " ind2="1">
    <subfield code="a">RU</subfield>
    <subfield code="b">ProSoft-M</subfield>
    <subfield code="2">rusmarc</subfield>
  </datafield>
  <datafield tag="801" ind1=" " ind2="2">
    <subfield code="a">RU</subfield>
    <subfield code="b">NLR</subfield>
    <subfield code="c">20180205</subfield>
    <subfield code="2">rusmarc</subfield>
  </datafield>
  <datafield tag="852" ind1=" " ind2=" ">
    <subfield code="a">NLR</subfield>
    <subfield code="j">18.122.2.207</subfield>
  </datafield>
  <datafield tag="942" ind1=" " ind2=" ">
    <subfield code="c">BOOK</subfield>
  </datafield>
  <datafield tag="980" ind1=" " ind2=" ">
    <subfield code="a">NB</subfield>
  </datafield>
</record>
